000 00566nam a2200193 i 4500
001 96361
003 ES-MaACL
005 20230906181911.0
007 t|
008 050616s1960 sp ||||1| spa d
100 1 _aMainer Pascual, Lázaro José.
_975600
245 1 3 _aEl diablo 1960
_b: (cuatro apariciones) /
_cLázaro José Mainer Pascual.
260 _aZaragoza :
_b[s.n.],
_c1960 (
_fGraf. La Editorial)
300 _a53 p. ;
_c18 cm.
490 1 _aAlcorce
830 0 _aAlcorce
_9232242
852 _aES-MaACL
_jC-18189
_bR.46413
999 _c96361
_d96361